000
00274 a2200121 4500
000
nam a22 7a 4500
020
_a
9780367270223
100
_a
Schroll,Craig R
_9
98
245
_a
Industrial Fire Protection Handbook
250
_a
2
260
_b
CRC
_c
2022
264
_b
CRC
999
_c
35984
_d
35984